Κατάλογος Βιβλιοθηκών Mediterranean College

Economics / Fifth Edition (Record no. 2623)

MARC details
000 -LEADER
fixed length control field 01671cam a22002294a 4500
005 - ΗΜΕΡΟΜΗΝΙΑ ΚΑΙ ΩΡΑ ΤΕΛΕΥΤΑΙΑΣ ΕΝΗΜΕΡΩΣΗΣ
Πεδίο ελέγχου 20250605164048.0
008 - FIXED-LENGTH DATA ELEMENTS--GENERAL INFORMATION
Πεδίο ελέγχου σταθερού μήκους 250528s ||||||||||||||||||||||||d
035 ## - SYSTEM CONTROL NUMBER
System control number 17189
020 ## - ISBN
ISBN 273658131
040 ## - ΠΗΓΗ ΚΑΤΑΛΟΓΟΓΡΑΦΗΣΗΣ
Φορέας πρωτότυπης καταλογογράφησης MC Athens Campus Library
Γλώσσα καταλογογράφησης Ελληνικά, Μοντέρνα (1453-)
Modifying agency MC Athens Campus Library
Κανόνες περιγραφικής καταλογογράφησης AACR2
245 1# - ΤΙΤΛΟΣ ΚΑΙ ΔΗΛΩΣΗ ΥΠΕΥΘΥΝΟΤΗΤΑΣ
Τίτλος Economics / Fifth Edition
250 ## - EDITION STATEMENT
Edition statement 5th
260 ## - PUBLICATION, DISTRIBUTION, ETC.
Name of publisher, distributor, etc. Addison-Wesley Publishing Company,
Date of publication, distribution, etc. 2000
300 ## - PHYSICAL DESCRIPTION
Extent 846
520 ## - SUMMARY, ETC.
Summary, etc. A highly successful textbook, which is known and respected worldwide for its comprehensive coverage of introductory economics, its clarity of exposition, its lively applications and examples and for the quality of its four-color artwork. Preface, Acknowledgements, The Scope of Economics?, What is Economics, The Economic Problem, How Market Works, Demand and Supply, Elasticity, Efficiency and Equity, Markets in Action, Utility and Demand, Possibilities and Preferences and Choices, Firms and Markets, Organizing Production, Output and Costs, Perfect Competition, Monopoly, Monopolistic Competition and Oligopoly, Demand and Supply in Factor Markets, Government Policy and Regulation, Inequality and Redistribution, Market Failure and Public Choice, Regulation and Competition, Externalities and the Environment and Knowledge, Macroeconomics and Fundamentals, Measuring GDP and Inflation and Economic Growth, Employment and Unemployment, Expenditure Multipliers, Fiscal Policy, The Central Bank and Monetary Policy, Money, Inflation, The Business Cycle, The Global Economy and the Euro, International Finance.
700 1# - ΠΡΟΣΘΕΤΗ ΑΝΑΓΡΑΦΗ--ΦΥΣΙΚΟ ΠΡΟΣΩΠΟ
Personal name Matthews Kent
9 (RLIN) 3346
700 1# - ΠΡΟΣΘΕΤΗ ΑΝΑΓΡΑΦΗ--ΦΥΣΙΚΟ ΠΡΟΣΩΠΟ
Personal name Parkin Michael
9 (RLIN) 3320
700 1# - ΠΡΟΣΘΕΤΗ ΑΝΑΓΡΑΦΗ--ΦΥΣΙΚΟ ΠΡΟΣΩΠΟ
Personal name Powell Melanie
9 (RLIN) 3347
942 ## - ADDED ENTRY ELEMENTS (KOHA)
Koha item type Books
Holdings
Τύπος τεκμηρίου Βιβλιοθήκη Τρέχουσα τοποθεσία Barcode Αριθμός εισαγωγής Ημερομηνία απόκτησης Ταξιθετικό σύμβολο Αριθμός αντιτύπου Κατάσταση απόσυρσης Κατάσταση χαμένου Κατάσταση κατεστραμμένου Μη δανεισμός Σύνολο δανεισμών Ημερομηνία τελευταίας εμφάνισης Η τιμή ισχύει από
Books MC Athens Campus Library MC Athens Campus Library 9780000026224 8499 05/06/2025 330 PAR 1           05/06/2025 05/06/2025

MC Athens Campus Library
Πατησίων 94 & Κοδριγκτώνος 13, 104 34
Πελλήνης 8 & Πατησίων 107, 112 51
Τ: +30 210 8899600

MC Thessaloniki Campus Library
Ίωνος Δραγούμη 21, 54625 | Ίωνος Δραγούμη 15, 54625
Τ: +30 2310 287779 – Τ: +30 2314 440300